Why does my child misbehave / (Record no. 190696)

MARC details
000 -LEADER
fixed length control field 00533nam a22001817a 4500
005 - DATE AND TIME OF LATEST TRANSACTION
control field 20220803103359.0
010 ## - LCCN (DPL NO)
LC control number ENG-134186
020 ## - INTERNATIONAL STANDARD BOOK NUMBER
International Standard Book Number 9788128837586
Terms of availability 100.00
035 ## - SYSTEM CONTROL NUMBER
System control number EN-117718
037 ## - SOURCE OF ACQUISITION
Source of stock number/acquisition DBAD/PUB
082 ## - DEWEY DECIMAL CLASSIFICATION NUMBER
Classification number 649.64
100 ## - MAIN ENTRY--PERSONAL NAME
Personal name Vaid, Sunil
245 ## - TITLE STATEMENT
Title Why does my child misbehave /
Statement of responsibility, etc by Sunil Vaid
260 ## - PUBLICATION, DISTRIBUTION, ETC. (IMPRINT)
Place of publication, distribution, etc New Delhi
Name of publisher, distributor, etc Diamond Pocket Books
Date of publication, distribution, etc 2012
270 ## - ADDRESS
Address X-30, Okhla Industrial Area, Phase-II,
City New Delhi
Postal code 110020
300 ## - PHYSICAL DESCRIPTION
Extent 149p.
Dimensions 23cm(pbk)
942 ## - ADDED ENTRY ELEMENTS (KOHA)
Source of classification or shelving scheme Dewey Decimal Classification
Item type English Books
Classification part 649.64
Call number suffix VAI
Holdings
Withdrawn status Lost status Not for loan Collection code Home library Current library Date acquired Source of acquisition Cost, normal purchase price Full call number Barcode Copy number Cost, replacement price Koha item type
      Non-fiction Bawana Bawana 03/08/2022 DBAD/PUB 100.00 649.64 VAI EN-117718 1 100.00 English Books

© Delhi Public Library
Hit Counter
free hit counter